| 000 | 01373nas a2200385 c 4500 | ||
|---|---|---|---|
| 001 | 25996 | ||
| 003 | ES-MaCES | ||
| 005 | 20250327143407.0 | ||
| 007 | cr ||||||||||| | ||
| 008 | 051227c2005 sp fr p | |spa d | ||
| 017 |
_aM 23401-2005 _bDL |
||
| 022 | 1 | _a1699-6852 | |
| 035 | _aCES20050000123p | ||
| 040 |
_aES-MaCES _bspa _cES-MaCES |
||
| 245 | 0 | 0 |
_aPanorama social _cFundación de las Cajas de Ahorros (FUNCAS) |
| 260 |
_aMadrid _bFundación de las Cajas de Ahorros (FUNCAS) _c2005- |
||
| 300 |
_av. _c25 cm |
||
| 310 | _aSemestral | ||
| 362 | 0 | _aN. 1 (1er. sem. 2005) - | |
| 500 | _aCerrada la suscripción de la ed. impresa, continua ed. electrónica | ||
| 500 | _aTít. tomado de la cub. | ||
| 541 | _cCompra | ||
| 650 | 4 |
_aEspaña _926964 |
|
| 650 | 4 |
_aindicador social _927259 |
|
| 650 | 4 |
_acondiciones sociales _930469 |
|
| 653 | 1 | 0 | _aAsuntos Sociales |
| 710 | 2 |
_aFundación de las Cajas de Ahorros _eed. _93800 |
|
| 853 | 2 | 1 |
_bn. _iAño _jmes _vc _wf _ypm06,12 |
| 856 | 4 |
_uhttps://www.funcas.es/publicaciones/revistas/panorama-social/listado-panorama-social/ _ytexto completo desde n. 1 (2005) |
|
| 866 | 0 |
_a2005-2018,2020- _zUbicación: DEPÓSITO - 55/1043 _zUbicación: SALA - REV.-3.3.-1 |
|
| 905 |
_1Boletín B _fP-OL _kSÍ _nPanSoc _pA |
||
| 942 |
_2CES _cCR _h3.3. |
||
| 999 |
_c25996 _d25996 |
||